| 000 | 01343nam0a2200361 4500 | ||
|---|---|---|---|
| 001 | RU\NLR\BIBL_A\012179539 | ||
| 005 | 20200206102619.0 | ||
| 010 |
_a978-5-4335-0751-7 _92000 |
||
| 021 |
_aRU _bКН-П-19-090396 _9КН-П-19-6599 |
||
| 035 | _a(NLR Aleph) 012179539 | ||
| 035 | _a(RuMoRGB)010166854 | ||
| 090 |
_a12274969 _c12274969 |
||
| 100 | _a20200115d2019 b y0rusy50 ca | ||
| 101 | 1 |
_arus _ceng |
|
| 102 | _aRU | ||
| 105 | _a |||z|||000 y | ||
| 181 | 0 |
_ai _baxxe |
|
| 182 | 0 | _an | |
| 200 | 1 |
_aУдивительная карта Магнолии _e[сказка _eдля детей дошкольного возраста _eпер. с англ.] _fЛорен Брэдшоу _gхудожник: Венсдей Кирван |
|
| 203 |
_aТекст _bвизуальный _cнепосредственный |
||
| 210 |
_aМосква _cНигма _d2019 |
||
| 215 |
_a[24] с. _cцв. ил. _d27 |
||
| 333 | _a0+ | ||
| 686 | 0 | _aШ9(7США)60-4 | |
| 700 | 1 |
_7ca _8rus _aБрэдшоу _bЛ. _fдет. писатель, дизайнер _gЛорен _9215498 _3RU\NLR\AUTH\770215554 |
|
| 702 | 1 |
_aКирван _bВ. _gВенсдей _4040 |
|
| 942 | _cBOOK | ||
| 980 | _aNBR | ||
| 980 | _aNB | ||